| 000 | 00574 a2200193 4500 | ||
|---|---|---|---|
| 001 | 142129 | ||
| 040 | _cLeonardo Da Vinci | ||
| 041 | _aPortuguês | ||
| 082 |
_a658.40 O34f _bO34f |
||
| 100 | _aOHMAE, Kenichi | ||
| 245 |
_aO estrategista em ação _ba arte japonesa de negociar |
||
| 260 |
_bPioneira _c1985 _aSão Paulo |
||
| 300 | _a277 | ||
| 362 | _a19850000 | ||
| 490 | _aNovos Umbrais | ||
| 500 | _aOsvaldo Chiquetto (Tradução) | ||
| 697 |
_aAdministração de empresas _aJapao _aEstratégia _aRaciocínio estratégico _aAmbiente econômico _aFIPEN |
||
| 942 | _cBK | ||
| 999 |
_c142129 _d142129 |
||